The Court of the Stone Children (Record no. 748)

MARC details
000 -LEADER
fixed length control field 00302nam a22001097a 4500
008 - FIXED-LENGTH DATA ELEMENTS--GENERAL INFORMATION
fixed length control field 160624b xxu||||| |||| 00| 0 eng d
100 ## - MAIN ENTRY--PERSONAL NAME
9 (RLIN) 940
Personal name Cameron, E
245 ## - TITLE STATEMENT
Title The Court of the Stone Children
260 ## - PUBLICATION, DISTRIBUTION, ETC. (IMPRINT)
Place of publication, distribution, etc. N.Y
Name of publisher, distributor, etc. E.P.Dutton &Co.
Date of publication, distribution, etc. 1973
300 ## - PHYSICAL DESCRIPTION
Extent The Court of the Stone Children
942 ## - ADDED ENTRY ELEMENTS (KOHA)
Source of classification or shelving scheme Dewey Decimal Classification
Koha item type BOOK
Holdings
Withdrawn status Lost status Source of classification or shelving scheme Damaged status Not for loan Home library Current library Shelving location Date acquired Total Checkouts Total Renewals Full call number Barcode Date last seen Date last checked out Price effective from Koha item type
    Dewey Decimal Classification     Good Samaritan School Library Good Samaritan School Library FICTION 06/24/2016 4 1 823 CAM1450 10/22/2025 10/09/2025 06/24/2016 BOOK

Powered by Koha